000 00645nam a2200205 a 4500
001 20277
003 CO-ViMGA
008 141112s2004 ck r 000 u spa d
020 _a842612948X
040 _aCO-ViMGA
_bspa
_cCO-ViMGA
082 0 4 _aPILh
100 1 _aPilkey, Dav
_929292
245 1 0 _aHally Tosis :
_bEl horrible problema de un perro
260 _aBarcelona :
_bJuventud,
_c2001
300 _a30p il.
590 _aForma de adquisición : PREMIO MIN CULTURA 2005 - - Precio : 27.440 - - Fecha de adquisición : FEBRERO 2005
650 1 4 _aCUENTOS INFANTILES
_92743
650 1 4 _aPERROS - CUENTOS INFANTILES
_925074
942 _2ddc
_cBK
999 _c2991
_d2991